Teoría y problemas de teoría de conjuntos y temas afines (Registro nro. 8138)
[ vista simple ]
| 000 -LEADER | |
|---|---|
| fixed length control field | 01287 a2200217 4500 |
| 001 - CONTROL NUMBER | |
| control field | 63354 |
| 005 - DATE AND TIME OF LATEST TRANSACTION | |
| control field | 20260407155931.0 |
| 008 - FIXED-LENGTH DATA ELEMENTS--GENERAL INFORMATION | |
| fixed length control field | 260407a1969 arg spa d |
| 003 - CONTROL NUMBER IDENTIFIER | |
| control field | AR-UNSa-BCEJYS |
| 040 ## - CATALOGING SOURCE | |
| Original cataloging agency | AR-UNSa-BCEJYS |
| Language of cataloging | spa |
| Transcribing agency | AR-UNSa-BCEJYS |
| 080 ## - UNIVERSAL DECIMAL CLASSIFICATION NUMBER | |
| Universal Decimal Classification number | 510.22 |
| Common auxiliary subdivision | Teoría de conjuntos. Aproximación a la teoría de conjuntos |
| 041 ## - LANGUAGE CODE | |
| Language code of text/sound track or separate title | spa |
| 100 1# - MAIN ENTRY--PERSONAL NAME | |
| Personal name | Lipschutz, Seymour |
| 245 10 - TITLE STATEMENT | |
| Title | Teoría y problemas de teoría de conjuntos y temas afines |
| 264 #1 - PRODUCTION, PUBLICATION, DISTRIBUTION, MANUFACTURE, AND COPYRIGHT NOTICE | |
| Place of production, publication, distribution, manufacture | Bogotá : |
| Name of producer, publisher, distributor, manufacturer | Libros McGraw-Hill |
| Date of production, publication, distribution, manufacture, or copyright notice | 1969 |
| 300 ## - PHYSICAL DESCRIPTION | |
| Extent | 233 p. |
| Dimensions | 27 cm. |
| 505 ## - FORMATTED CONTENTS NOTE | |
| Formatted contents note | 1. Conjuntos y subconjuntos - 2. Operaciones fundamentales con conjuntos - 3. Conjuntos de números - 4. Funciones - 5. Conjuntos producto y grafos de funciones - 6. Relaciones - 7. Complementos a la teoría de conjuntos - 8. Complementos a la teoría de funciones, operaciones - 9. Números cardinales - 10. Conjuntos parcial y totalmente ordenados - 11. Conjuntos bien ordenados. Números ordinales - 12. Axioma de elección. Lema de Zorn. Teorema de la buena ordenación - 13. Paradojas de la teoría de conjuntos - 14. Álgebra de proposiciones - 15. Cuantificadores - 16. Álgebra booliana - 17. Razonamiento lógico - |
| 590 ## - LOCAL NOTE (RLIN) | |
| Local note | niveau_biblio:m niveau_hierar:0 |
| 700 1# - ADDED ENTRY--PERSONAL NAME | |
| Personal name | Castaño Ceballos, Jesús Maria |
| 942 ## - ADDED ENTRY ELEMENTS (KOHA) | |
| Koha item type | |
| Withdrawn status | Lost status | Damaged status | Not for loan | Home library | Current library | Shelving location | Date acquired | Total checkouts | Full call number | Barcode | Date last seen | Price effective from | Koha item type |
|---|---|---|---|---|---|---|---|---|---|---|---|---|---|
| Biblioteca Prof. Eusebio Cleto del Rey | Biblioteca Prof. Eusebio Cleto del Rey | 07/04/2026 | 510.22 L767 | L24366 | 07/04/2026 | 07/04/2026 | Libro | ||||||
| Biblioteca Prof. Eusebio Cleto del Rey | Biblioteca Prof. Eusebio Cleto del Rey | 07/04/2026 | 510.22 L767 | L24367 | 07/04/2026 | 07/04/2026 | Libro |